| 000 | 00962cam a22002897a 4500 | ||
|---|---|---|---|
| 003 | CHAP | ||
| 005 | 20220329140845.0 | ||
| 008 | 971013s1987 r 00010 d | ||
| 010 | _a58750 | ||
| 011 | _a59722 | ||
| 035 | _a63882 | ||
| 040 | _cCHAP | ||
| 090 | _aFolleto 11672 | ||
| 110 |
_aINIFAP. México. Campo Agrícola Experimental Río Bravo _958743 |
||
| 245 | 0 | _aSorgo de Temporal para el norte de Tamaulipas | |
| 260 |
_aRío Bravo, Tamps. : _bInstituto Nacional de Investigaciones Forestales y Agropecuarias, _c1987 |
||
| 300 | _aHoja desplegable | ||
| 490 | 0 |
_aDespegable para productores _v; 1 |
|
| 590 |
_aBATCH-UPD _b10 _c20130110 _lUCH01 _h1033 |
||
| 590 |
_aCONVERSION _b10 _c20130109 _lUCH01 _h1332 |
||
| 650 | 1 | 4 |
_aAgricultura de temporal. _91999 |
| 650 | 1 | 4 |
_aSorgo _xTamaulipas. _9108726 |
| 830 | 0 |
_aDespegable para productores _v; 1 _932167 |
|
| 901 | _aBK | ||
| 942 | _cFOLL | ||
| 949 |
_aFolleto 11672 _bBC _cFOLL _d-138030 _eTS1 _i63882 _si |
||
| 999 |
_c58750 _d58750 |
||